|
|
|
|
| LEADER |
00000naa2a2200000 4500 |
| 001 |
618377 |
| 005 |
20240118112639.0 |
| 035 |
|
|
|a (RuTPU)RU\TPU\conf\16759
|
| 035 |
|
|
|a RU\TPU\conf\16758
|
| 090 |
|
|
|a 618377
|
| 100 |
|
|
|a 20160601d2016 k y0rusy50 ca
|
| 101 |
0 |
|
|a rus
|
| 102 |
|
|
|a RU
|
| 105 |
|
|
|a y z 101zy
|
| 135 |
|
|
|a drcn ---uucaa
|
| 181 |
|
0 |
|a i
|
| 182 |
|
0 |
|a b
|
| 200 |
1 |
|
|a Разработка информационной системы взаимодействия вуза с потенциальными абитуриентами
|f И. А. Лызин
|
| 203 |
|
|
|a Текст
|c электронный
|
| 225 |
1 |
|
|a Автоматизация и информатизация на производстве и в образовательном процессе
|
| 300 |
|
|
|a Заглавие с титульного экрана
|
| 320 |
|
|
|a [Библиогр.: с. 379 (2 назв.)]
|
| 461 |
|
1 |
|0 (RuTPU)RU\TPU\conf\16596
|t Прогрессивные технологии и экономика в машиностроении
|o сборник трудов VII Всероссийской научно-практической конференции для студентов и учащейся молодежи, г. Юрга, 7-9 апреля 2016 г.
|o в 2 т.
|f Национальный исследовательский Томский политехнический университет (ТПУ), Юргинский технологический институт (ЮТИ) ; под ред. Д. А. Чинахова
|d 2016
|
| 463 |
|
1 |
|0 (RuTPU)RU\TPU\conf\16598
|t Т. 1
|v [С. 377-379]
|d 2016
|
| 610 |
1 |
|
|a труды учёных ТПУ
|
| 610 |
1 |
|
|a электронный ресурс
|
| 610 |
1 |
|
|a профориентация
|
| 610 |
1 |
|
|a технические вузы
|
| 610 |
1 |
|
|a коммуникационное воздействие
|
| 610 |
1 |
|
|a информационные системы
|
| 610 |
1 |
|
|a вузы
|
| 700 |
|
1 |
|a Лызин
|b И. А.
|c специалист в области информатики и вычислительной техники
|c программист Томского политехнического университета
|f 1993-
|g Иван Александрович
|3 (RuTPU)RU\TPU\pers\45679
|9 21964
|
| 712 |
0 |
2 |
|a Национальный исследовательский Томский политехнический университет (ТПУ)
|b Юргинский технологический институт (ЮТИ)
|c (2009- )
|3 (RuTPU)RU\TPU\col\15903
|
| 801 |
|
2 |
|a RU
|b 63413507
|c 20191224
|g RCR
|
| 856 |
4 |
|
|u http://earchive.tpu.ru/handle/11683/26111
|
| 942 |
|
|
|c BK
|